000 00989nam a2200253Ia 4500
003 OSt
005 20220923215551.0
006 a|||||r|||| 00| 0
007 ta
008 220922b |||||||| |||| 00| 0 hin d
024 _a179,861
037 _cTextual
040 _aARTS
_cARTS
_bhin
041 _2hin
_ahin
082 _aO152,1J32,11:g, L4
100 _aशुक्ल, रमाकान्त
245 0 _aजैनाचार्य रविषेण-कृत पद्म पुराण और तुलसी कृत रामचरितमानस
246 _aJaināchārya raviṣheṇa-kṛut padma purāṇ aur tulasī kṛut rāmacharitamānasa
260 _aदिल्ली
_b ुवाणी परिषद्
_c1974
300 _a480 पृ.
_ccm.
650 _aहिन्दी साहित्य
_9156264
942 _hO152,1J32,11:g, L4
_cTEXL
_2CC
999 _c333242
_d333242